000 00816aam a2200301 i 4500
001 768714001
003 CO-MdFUSB
005 20250603143753.0
007 ta
008 250603t1984 sp a|||| |||| 00| 0 spa d
020 _a84-7228-824-2
040 _cCO-MdFUSB
041 0 _aspa
082 0 4 _223
_a248.6
_bM9811d
100 1 _aMurray, Andrew (1828-1917)
_eautor
245 1 0 _aEl dinero
_c/ Andrew Murray ; traducido por Samuel Vila
264 1 _bClie,
_aTerrassa, Barcelona, España :
_c[1984]
264 4 _c©1984
300 _a57 páginas
336 _atexto
_btxt
_2rdacontent
337 _2rdamedia
_asin mediación
_bn
338 _2rdacarrier
_avolumen
_bnc
563 _aRústico
650 0 _aVida cristiana
_919
700 _aVila, Samuel,
_92027
_etraductor
942 _cBK
945 _aJTF-925
999 _c36135
_d36135